Έρευνα μάρκετινγκ αεροπορικών δρομολογίων παροχής δημόσιας υπηρεσίας (PSO) : η περίπτωση της Θεσσαλονίκης : διπλωματική εργασία

Αποθηκεύτηκε σε:
Λεπτομέρειες βιβλιογραφικής εγγραφής
Κύριος συγγραφέας: Κούρα, Φωτεινή Α.
Συγγραφή απο Οργανισμό/Αρχή: Πανεπιστήμιο Αιγαίου Σχολή Επιστημών της Διοίκησης Τμήμα Διοίκησης Επιχειρήσεων Πρόγραμμα Μεταπτυχιακών Σπουδών "Σχεδιασμός, Διοίκηση και Πολιτική του Τουρισμού"
Άλλοι συγγραφείς: Papatheodorou, Andreas, 1974- (Εισηγητής διατριβής)
Μορφή: Thesis Βιβλίο
Γλώσσα:Greek
Δημοσίευση: 2012
Θέματα:
Διαθέσιμο Online:http://hdl.handle.net/11610/11557
Ετικέτες: Προσθήκη ετικέτας
Δεν υπάρχουν, Καταχωρήστε ετικέτα πρώτοι!

MARC

LEADER 00000cam a2200000 i 4500
001 1/40905
008 140128s2012 gre d
035 |l 10116474 
040 |a GR-MY-UA  |b gre  |e aacr 
041 0 |a gre 
082 0 |a 387.70688  |2 (22) 
100 1 |a Κούρα, Φωτεινή Α. 
245 1 0 |a Έρευνα μάρκετινγκ αεροπορικών δρομολογίων παροχής δημόσιας υπηρεσίας (PSO) :  |b η περίπτωση της Θεσσαλονίκης : διπλωματική εργασία /  |c Φωτεινή Α. Κούρα ; επιβλέπων: Παπαθεοδώρου Ανδρέας 
260 |c 2012 
300 |a 123 σ.;  |b πίν., διαγρ.;  |c 30 εκ. 
502 |a Διατριβή (μεταπτυχιακή) – Πανεπιστήμιο Αιγαίου, Χίος, 2012. 
504 |a Περιλαμβάνει βιβλιογραφία 
650 0 |a Airlines  |x Marketing  |z Greece  |z Thessalonike. 
650 0 |a Air travel  |z Greece  |z Thessalonike. 
650 0 0 |a Airways. 
650 0 0 |a Dissertations, Academic  |z Greece. 
700 1 |4 ths  |a Papatheodorou, Andreas,   |d 1974- 
710 2 |a Πανεπιστήμιο Αιγαίου  |b Σχολή Επιστημών της Διοίκησης  |b Τμήμα Διοίκησης Επιχειρήσεων  |b Πρόγραμμα Μεταπτυχιακών Σπουδών "Σχεδιασμός, Διοίκηση και Πολιτική του Τουρισμού". 
852 |a INST  |b CHIOS  |c DIATR  |e 20140128  |h 387.70688 ΚΟΥ  |p 005200035021  |q 005200035021  |t MTXE  |y 23 
852 |a INST  |b CHIOS  |c DIATR  |e 20140128  |h 387.70688 ΚΟΥ  |p 005200035022  |q 005200035022  |t MTXE  |y 23 
856 |u http://hdl.handle.net/11610/11557 
901 |a BIBL2-2014-1 
909 |a Χ  |b 175944 
909 |a Χ  |b 175945 
924 |a ΚΟΥΡΑ  |b ΦΩΤΕΙΝΗ Α.  |y ΧΙΟΣ  |z 2012-09 
970 |a ΠΑΡΟΙΚΑΚΗ  |b ΒΑΣΙΛΙΚΗ  |z 2014/01/28